000 00898nmm a2200265 a 4500
001 ocm0001520577
003 TR-IsHL
005 20201028163034.0
008 170206s2012 tu tur
007 cr cn
020 _a9786051311616
035 _a1520577
_b(N$T)
050 0 4 _aBP193.1.A3
_bS27 2012
090 0 4 _aBP193.1.A3
_bS27 2012
100 1 _aSarıcık, Murat
245 1 0 _aHz. Ali ilk üç halifeyle kavgalı mıydı?
_h[electronic resource] /
_cMurat Sarıcık
260 _aİstanbul :
_bNesil Yayınları,
_c2012
300 _a337 p.
650 4 _aFelsefe, Psikoloji ve Din
650 4 _aPhilosophy, Psychology and Religion
650 0 _aİslamiyet
_x Hz. Ali
_x Tarih
650 0 _aIslam
_x Hz. Ali
_x History
650 7 _aRELIGION / Islam / General
_2bisacsh
856 4 0 _uhttp://search.ebscohost.com/login.aspx?direct=true&scope=site&db=e011xww&AN=1520577
999 _c15132
_d15132